|
|
|
|
| LEADER |
00691cam a2200205 a 4500 |
| 001 |
0000068548 |
| 005 |
20031028090000.0 |
| 040 |
|
|
|a mod
|
| 041 |
|
|
|a eng
|
| 020 |
0 |
0 |
|a 9835916551
|
| 090 |
0 |
0 |
|a 428.2076
|b KOH
|e 2003
|
| 100 |
1 |
0 |
|a Koh
|h Suat Chin
|
| 245 |
1 |
0 |
|a Bahasa Inggeris 1119
|b tingkatan 4 & 5
|c Koh Suat Chin
|
| 260 |
0 |
0 |
|a Petaling Jaya
|b Sasbadi
|c 2003
|
| 300 |
0 |
0 |
|a xvi, 384ms.
|b ill.
|c 26cm
|
| 440 |
0 |
0 |
|a Revisi prioriti SPM
|
| 650 |
0 |
0 |
|a English language
|x Grammar
|x Study and teaching
|
| 650 |
0 |
0 |
|a English language
|x Study and teaching (Secondary)
|
| 999 |
|
|
|a 0210474
|b ATU
|d BOOKS
|e Buku Teks
|f ATU
|j AVAILABLE
|q GOOD CONDITION
|
| 999 |
|
|
|a 0218014
|b IKEM
|d BOOKS
|e Buku Teks
|f IKEM
|j AVAILABLE
|q GOOD CONDITION
|